[Event "OLOA 1920 SK König Plauen I - USV Hall"]
[Site "?"]
[Date "2019.11.17"]
[Round "3.1"]
[White "Becker, Michael"]
[Black "Sandner, Gunter"]
[Result "1/2-1/2"]
[WhiteElo "2264"]
[BlackElo "2271"]
[PlyCount "72"]
[EventDate "2019.09.29"]
[EventType "team-tourn"]
[EventCountry "GER"]

1. e4 c5 2. Nf3 Nc6 3. Bb5 g6 4. Bxc6 bxc6 5. O-O Bg7 6. Re1 f6 7. c3 Nh6 8. d4
cxd4 9. cxd4 d6 10. Nc3 Nf7 11. b3 O-O 12. Bb2 Qa5 13. Rc1 e5 14. Na4 exd4 15.
Nxd4 c5 16. Nc2 Bd7 17. Nc3 f5 18. Ne3 fxe4 19. Nc4 Qa6 20. Nxe4 Bxb2 21. Nxb2
Bc6 22. Nc4 Bxe4 23. Rxe4 Qc6 24. Re7 d5 25. Rxf7 Rxf7 26. Ne5 Qd6 27. Nxf7
Kxf7 28. h4 Re8 29. g3 d4 30. Qf3+ Kg7 31. Rd1 Re7 32. Kg2 a6 33. h5 Re5 34.
Qb7+ Re7 35. Qf3 Re5 36. Qb7+ Re7 1/2-1/2

[Event "OLOA 1920 SK König Plauen I - USV Hall"]
[Site "?"]
[Date "2019.11.17"]
[Round "3.2"]
[White "Kuraszkiewicz, Michael"]
[Black "Hartge, Gedeon"]
[Result "1-0"]
[WhiteElo "2289"]
[BlackElo "2239"]
[PlyCount "117"]
[EventDate "2019.09.29"]
[EventType "team-tourn"]
[EventCountry "GER"]

1. d4 Nf6 2. c4 c5 3. d5 b5 4. cxb5 a6 5. bxa6 g6 6. Nc3 Bg7 7. e4 O-O 8. a7
Rxa7 9. Nf3 e6 10. Be2 exd5 11. exd5 d6 12. O-O Na6 13. Nb5 Rd7 14. Bc4 Bb7 15.
Bg5 Qa8 16. Bxf6 Bxf6 17. Qd2 Nc7 18. Nxc7 Rxc7 19. Rac1 Re7 20. b3 Ba6 21.
Bxa6 Qxa6 22. Rfe1 Rfe8 23. Rxe7 Rxe7 24. Re1 Rxe1+ 25. Nxe1 Bd4 26. Nf3 Qa8
27. Nxd4 cxd4 28. Qxd4 Qxa2 29. Qd1 Qb2 30. g3 h5 31. Qd3 h4 32. gxh4 Qf6 33.
Qc4 Kh7 34. Kg2 Kg7 35. b4 Qe5 36. b5 Qb2 37. Qf4 Qxb5 38. Qxd6 Qc4 39. Qe5+
Kh7 40. h5 Qg4+ 41. Qg3 Qd4 42. hxg6+ fxg6 43. Qg5 Qe4+ 44. Kg3 Qd3+ 45. f3 Qd1
46. Qe7+ Kh6 47. Qe5 Qg1+ 48. Kh3 Qf1+ 49. Kg4 Qg1+ 50. Qg3 Qb1 51. Qf4+ Kg7
52. Qe5+ Kh7 53. Kg5 Qg1+ 54. Kf6 Kh6 55. d6 g5 56. f4 gxf4 57. Qxf4+ Kh5 58.
Qf3+ Kh4 59. Qg3+ 1-0

[Event "OLOA 1920 SK König Plauen I - USV Hall"]
[Site "?"]
[Date "2019.11.17"]
[Round "3.3"]
[White "Puls, Thomas"]
[Black "Kunze, Carlo"]
[Result "1/2-1/2"]
[WhiteElo "2174"]
[BlackElo "2260"]
[PlyCount "34"]
[EventDate "2019.09.29"]
[EventType "team-tourn"]
[EventCountry "GER"]

1. e4 d6 2. d4 Nf6 3. Nc3 e5 4. Nge2 Be7 5. g3 O-O 6. Bg2 c6 7. O-O b5 8. a3
Nbd7 9. h3 Bb7 10. g4 Ne8 11. Ng3 Bg5 12. d5 Bxc1 13. Rxc1 g6 14. Qd2 Nb6 15.
Rcd1 Rc8 16. Kh2 a6 17. Qc1 Qe7 1/2-1/2

[Event "OLOA 1920 SK König Plauen I - USV Hall"]
[Site "?"]
[Date "2019.11.17"]
[Round "3.4"]
[White "Schaller, Sven"]
[Black "Reipsch, Jens"]
[Result "1-0"]
[WhiteElo "2252"]
[BlackElo "2248"]
[PlyCount "73"]
[EventDate "2019.09.29"]
[EventType "team-tourn"]
[EventCountry "GER"]
[WhiteTeam "Plauen SK Koenig"]
[BlackTeam "Halle USV"]
[WhiteTeamCountry "GER"]
[BlackTeamCountry "GER"]

1. c4 e5 2. g3 Nc6 3. Bg2 Bc5 4. Nc3 a6 5. e3 d6 6. a3 Nf6 7. Nge2 Qe7 8. d3
O-O 9. O-O Bf5 10. b4 Bb6 11. Nd5 Nxd5 12. cxd5 Nb8 13. Qb3 h5 14. h3 Nd7 15.
Bd2 Bg6 16. Rac1 a5 17. e4 axb4 18. axb4 f5 19. Rce1 h4 20. exf5 hxg3 21. Nxg3
Qh4 22. Re4 Qf6 23. fxg6 Bxf2+ 24. Kh1 Qe7 25. Rg4 e4 26. Nxe4 Bd4 27. Re1 Ne5
28. Bg5 Qd7 29. Rg3 Rf5 30. Be3 Bxe3 31. Rgxe3 Raf8 32. Qd1 Nxg6 33. Rg1 Nf4
34. Qg4 Qf7 35. Ng5 Qf6 36. Be4 Re5 37. Qh4 1-0

[Event "OLOA 1920 SK König Plauen I - USV Hall"]
[Site "?"]
[Date "2019.11.17"]
[Round "3.5"]
[White "Schulte, Felix"]
[Black "Pfretzschner, Roland"]
[Result "0-1"]
[WhiteElo "2097"]
[BlackElo "2238"]
[PlyCount "58"]
[EventDate "2019.09.29"]
[EventType "team-tourn"]
[EventCountry "GER"]

1. d4 Nf6 2. c4 c5 3. d5 b5 4. cxb5 a6 5. f3 g6 6. e4 d6 7. a4 Bg7 8. Na3 O-O
9. Ne2 e6 10. Nc3 exd5 11. Nxd5 Nxe4 12. fxe4 Qh4+ 13. Kd2 Qxe4 14. Qf3 Qd4+
15. Bd3 Bg4 16. Qf4 Bh6 17. Qxh6 Qxd5 18. Kc2 axb5 19. axb5 c4 20. Bxc4 Qe4+
21. Kb3 d5 22. Re1 dxc4+ 23. Ka2 Rxa3+ 24. Kxa3 Qd3+ 25. Kb4 Qb3+ 26. Ka5 Nc6+
27. Ka6 Ra8+ 28. Kb6 Rb8+ 29. Kxc6 Qxb5+ 0-1

[Event "OLOA 1920 SK König Plauen I - USV Hall"]
[Site "?"]
[Date "2019.11.17"]
[Round "3.6"]
[White "Hoerr, Matthias"]
[Black "Luther, Juergen"]
[Result "1-0"]
[WhiteElo "2152"]
[BlackElo "2131"]
[PlyCount "71"]
[EventDate "2019.09.29"]
[EventType "team-tourn"]
[EventCountry "GER"]

1. e4 e6 2. d4 d5 3. Nd2 Nf6 4. e5 Nfd7 5. c3 c5 6. Bd3 Nc6 7. Ne2 a5 8. O-O
cxd4 9. cxd4 Qb6 10. Nf3 Be7 11. b3 f5 12. exf6 Nxf6 13. Nc3 O-O 14. Re1 Bb4
15. Bb2 Bd7 16. Rc1 Rae8 17. a3 Bd6 18. Na4 Qd8 19. Ne5 Nb8 20. Nc5 Bc8 21. Bb1
b6 22. Ncd3 Bb7 23. Re3 Re7 24. Rh3 Qe8 25. Nf4 g5 26. Nh5 Nbd7 27. Nxf6+ Nxf6
28. Rcc3 Bxe5 29. dxe5 Ne4 30. Bxe4 dxe4 31. Rcg3 Rg7 32. Rh6 Bd5 33. h4 Rf5
34. Rf6 gxh4 35. Rxg7+ Kxg7 36. Rxf5 1-0

[Event "OLOA 1920 SK König Plauen I - USV Hall"]
[Site "?"]
[Date "2019.11.17"]
[Round "3.7"]
[White "Groeger, Stefan"]
[Black "Linnert, Niklas"]
[Result "1/2-1/2"]
[WhiteElo "2110"]
[BlackElo "2059"]
[PlyCount "46"]
[EventDate "2019.09.29"]
[EventType "team-tourn"]
[EventCountry "GER"]

1. d4 Nf6 2. c4 g6 3. Nc3 d5 4. cxd5 Nxd5 5. e3 Bg7 6. Nxd5 Qxd5 7. Ne2 O-O 8.
Nc3 Qa5 9. Bd2 c6 10. Be2 e5 11. dxe5 Qxe5 12. O-O Be6 13. f4 Qc7 14. e4 Qb6+
15. Kh1 Qxb2 16. Rb1 Qa3 17. Qc2 f5 18. Rxb7 Nd7 19. e5 Rfb8 20. Rfb1 Nb6 21.
Rxb8+ Rxb8 22. Be3 Nd7 23. Rxb8+ Nxb8 1/2-1/2

[Event "OLOA 1920 SK König Plauen I - USV Hall"]
[Site "?"]
[Date "2019.11.17"]
[Round "3.8"]
[White "Pivtorak, Ilya"]
[Black "Altstadt, Karl-Simon"]
[Result "0-1"]
[WhiteElo "1497"]
[BlackElo "2002"]
[PlyCount "106"]
[EventDate "2019.09.29"]
[EventType "team-tourn"]
[EventCountry "GER"]

1. d4 Nf6 2. c4 c5 3. d5 b5 4. cxb5 a6 5. bxa6 g6 6. Nc3 Bg7 7. g3 O-O 8. Bg2
d6 9. Nf3 Nxa6 10. O-O Qa5 11. Bd2 Rb8 12. Rb1 Qb6 13. a3 Bf5 14. Ra1 Qxb2 15.
Re1 Ne4 16. Nxe4 Qxa1 17. Qa4 Qb2 18. Nxd6 exd6 19. Qxa6 Be4 20. Bg5 Rb6 21.
Qc4 Re8 22. Nd2 Bxg2 23. Rb1 Qe5 24. Rxb6 Bxd5 25. Qb5 h6 26. Be3 Ra8 27. Rb8+
Kh7 28. Rxa8 Bxa8 29. a4 Qd5 30. Nf3 Bc6 31. Qd3 Qxd3 32. exd3 Bxf3 33. a5 Bb7
34. Kf1 Bc3 35. Bf4 Bxa5 36. Bxd6 c4 37. dxc4 Ba6 38. Kg2 Bxc4 39. h4 Kg7 40.
Be5+ f6 41. Bd4 Kf7 42. Be3 h5 43. Kg1 Ke6 44. Kg2 Kf5 45. Kg1 g5 46. hxg5 fxg5
47. Bc5 Kg4 48. Bd4 Bd2 49. Bc5 h4 50. Kh2 Be1 51. Kg1 hxg3 52. fxg3 Kxg3 53.
Kh1 Bf2 0-1

[Event "OLOA 1920 SK König Plauen II - SV Sang"]
[Site "?"]
[Date "2019.11.17"]
[Round "3.1"]
[White "Strache, Michael"]
[Black "Burian, Simon"]
[Result "1-0"]
[WhiteElo "2285"]
[BlackElo "2136"]
[PlyCount "67"]
[EventDate "2019.09.29"]
[EventType "team-tourn"]
[EventCountry "GER"]

1. c4 c5 2. Nc3 g6 3. g3 Bg7 4. Bg2 Nf6 5. a3 Nc6 6. Rb1 a5 7. Nf3 O-O 8. O-O
d6 9. d3 Bg4 10. h3 Bd7 11. Be3 Rb8 12. Qd2 Qc8 13. Kh2 Rd8 14. Bh6 Bh8 15. Bg5
Be6 16. Rfc1 Qd7 17. e4 b6 18. Be3 Qe8 19. Nb5 Bc8 20. Nh4 Qd7 21. f4 Ba6 22.
Nf3 Bg7 23. Rf1 Ne8 24. a4 Rdc8 25. f5 e6 26. Bh6 exf5 27. exf5 Qxf5 28. Bxg7
Nxg7 29. Ng5 Bxb5 30. Rxf5 Nxf5 31. axb5 Ne5 32. Rf1 Rc7 33. Ne4 Rd8 34. Rxf5
1-0

[Event "OLOA 1920 SK König Plauen II - SV Sang"]
[Site "?"]
[Date "2019.11.17"]
[Round "3.2"]
[White "Paul, Mathias"]
[Black "Engelmann, Jakob"]
[Result "0-1"]
[WhiteElo "2184"]
[BlackElo "2267"]
[PlyCount "72"]
[EventDate "2019.09.29"]
[EventType "team-tourn"]
[EventCountry "GER"]

1. d4 d6 2. e4 Nf6 3. Nc3 c6 4. f3 e5 5. dxe5 dxe5 6. Qxd8+ Kxd8 7. Bc4 Be6 8.
Bxe6 fxe6 9. Be3 Nbd7 10. O-O-O Kc7 11. Nh3 Bb4 12. Ne2 Rhb8 13. Nf2 b5 14.
Rhf1 a5 15. g4 Nb6 16. Bxb6+ Rxb6 17. Nd3 Re8 18. c4 Nd7 19. cxb5 cxb5 20. f4
exf4 21. Rxf4 Bd6 22. Rf7 Re7 23. Rdf1 Kd8 24. h3 Ne5 25. Nxe5 Bxe5 26. Rf8+
Re8 27. R8f7 Re7 28. Rf8+ Kc7 29. Ra8 Rc6+ 30. Kb1 Kb6 31. Rd8 Rc4 32. Rc1 Rxe4
33. Nc3 Rc4 34. Re1 Bxc3 35. bxc3 Rxc3 36. Rd6+ Rc6 0-1

[Event "OLOA 1920 SK König Plauen II - SV Sang"]
[Site "?"]
[Date "2019.11.17"]
[Round "3.3"]
[White "Heyder, Florian"]
[Black "Beyer, Christof"]
[Result "1-0"]
[WhiteElo "2198"]
[BlackElo "2026"]
[PlyCount "69"]
[EventDate "2019.09.29"]
[EventType "team-tourn"]
[EventCountry "GER"]

1. d4 Nf6 2. c4 c5 3. d5 e6 4. Nc3 exd5 5. cxd5 d6 6. Nf3 g6 7. Bf4 Bg7 8. Qa4+
Bd7 9. Qb3 Qc7 10. e4 O-O 11. Nd2 Nh5 12. Be3 f5 13. exf5 Bxf5 14. Be2 Nf6 15.
O-O a6 16. a4 h5 17. Nc4 Nbd7 18. Bf4 Ne8 19. Bg3 Rd8 20. Rfe1 Ndf6 21. Ne3 Bc8
22. Qc2 Qf7 23. Bd3 Kh7 24. h3 Bh6 25. Nc4 Ng8 26. Bh4 Rd7 27. Re6 Ngf6 28.
Rae1 Rc7 29. R6e2 Kg7 30. Bg3 Nxd5 31. Nxd5 Qxd5 32. Rxe8 Rxe8 33. Rxe8 b5 34.
Nxd6 Bb7 35. Be5+ 1-0

[Event "OLOA 1920 SK König Plauen II - SV Sang"]
[Site "?"]
[Date "2019.11.17"]
[Round "3.4"]
[White "Pfeufer, Lion"]
[Black "Hillmann, Michael"]
[Result "0-1"]
[WhiteElo "2050"]
[BlackElo "2133"]
[PlyCount "54"]
[EventDate "2019.09.29"]
[EventType "team-tourn"]
[EventCountry "GER"]

1. e4 d6 2. d4 Nf6 3. Nc3 g6 4. f4 Bg7 5. Nf3 c5 6. d5 O-O 7. Be2 e6 8. O-O
exd5 9. exd5 Na6 10. Nb5 Nc7 11. Nxc7 Qxc7 12. c4 Bd7 13. Bd3 b5 14. Rb1 bxc4
15. Bxc4 Bf5 16. Ra1 Rab8 17. Nh4 Be4 18. f5 Rb4 19. b3 Bxd5 20. fxg6 Bxc4 21.
bxc4 hxg6 22. Bf4 Ne4 23. Qd5 Qb7 24. Nxg6 Qxd5 25. Ne7+ Kh7 26. Nxd5 Bxa1 27.
Nxb4 Bd4+ 0-1

[Event "OLOA 1920 SK König Plauen II - SV Sang"]
[Site "?"]
[Date "2019.11.17"]
[Round "3.5"]
[White "Hellwig, Tobias"]
[Black "Hoerr, Christian"]
[Result "1/2-1/2"]
[WhiteElo "2229"]
[BlackElo "1899"]
[PlyCount "85"]
[EventDate "2019.09.29"]
[EventType "team-tourn"]
[EventCountry "GER"]

1. d4 d5 2. Nf3 Nf6 3. g3 e6 4. Bg2 c5 5. O-O Nc6 6. b3 Be7 7. Ba3 cxd4 8. Nxd4
O-O 9. Nxc6 bxc6 10. c4 Bxa3 11. Nxa3 Qe7 12. Nc2 Ba6 13. Qe1 dxc4 14. Nb4 Bb7
15. bxc4 c5 16. Bxb7 Qxb7 17. Nd3 Rfc8 18. Qc3 Qe4 19. Rfe1 Nd7 20. Rac1 Rab8
21. Qa5 Rb7 22. Rc3 h6 23. Rb3 Rbc7 24. Nb2 Qc2 25. Qc3 Qxc3 26. Rxc3 Rb8 27.
Nd3 Kf8 28. Ra3 Ke7 29. Rd1 Rb6 30. Ra5 Rd6 31. Rc1 Rd4 32. Rc3 Nb6 33. Rca3
Rxc4 34. Rxa7 Rxa7 35. Rxa7+ Kf6 36. Ra5 Ra4 37. Rxa4 Nxa4 38. Kf1 c4 39. Nb4
Ke5 40. e3 Kd6 41. Ke1 e5 42. f3 f5 43. Kd2 1/2-1/2

[Event "OLOA 1920 SK König Plauen II - SV Sang"]
[Site "?"]
[Date "2019.11.17"]
[Round "3.6"]
[White "Merkel, Toni"]
[Black "Richter, Dustin"]
[Result "1/2-1/2"]
[WhiteElo "1908"]
[BlackElo "2126"]
[PlyCount "57"]
[EventDate "2019.09.29"]
[EventType "team-tourn"]
[EventCountry "GER"]

1. e4 c5 2. Nf3 e6 3. d4 cxd4 4. Nxd4 Nc6 5. Nc3 Qc7 6. Be3 Nf6 7. a3 a6 8. Be2
b5 9. f4 b4 10. axb4 Bxb4 11. Bf3 d5 12. e5 Nd7 13. O-O Nb6 14. Nce2 Nc4 15.
Bc1 O-O 16. Kh1 Bd7 17. c3 Bc5 18. b3 Nb6 19. Qd3 Nxd4 20. Nxd4 Rfc8 21. Be3 a5
22. c4 dxc4 23. bxc4 Ra7 24. Rfc1 Rd8 25. Qe4 Qb8 26. Nb5 Bxe3 27. Qxe3 Bxb5
28. cxb5 a4 29. Rc6 1/2-1/2

[Event "OLOA 1920 SK König Plauen II - SV Sang"]
[Site "?"]
[Date "2019.11.17"]
[Round "3.7"]
[White "Buerckner, Georg"]
[Black "Franz, Tobias"]
[Result "1-0"]
[WhiteElo "2045"]
[BlackElo "1867"]
[PlyCount "77"]
[EventDate "2019.09.29"]
[EventType "team-tourn"]
[EventCountry "GER"]

1. e4 e5 2. Nf3 Nf6 3. d3 Nc6 4. Be2 Be7 5. O-O O-O 6. c3 d5 7. Qc2 h6 8. Nbd2
Be6 9. Re1 Bc5 10. h3 a5 11. Nf1 Bd6 12. Ng3 Ne7 13. Bf1 Nd7 14. d4 dxe4 15.
Nxe4 Bf5 16. Bd3 Bxe4 17. Bxe4 exd4 18. Nxd4 Nc5 19. Bf3 c6 20. Be3 Qc7 21. Nf5
Nxf5 22. Qxf5 Ne6 23. Be4 g6 24. Qf3 Bf4 25. Bc2 Rfe8 26. Bb3 Bxe3 27. Qxe3 Qf4
28. Bxe6 Qxe3 29. Bxf7+ Kxf7 30. Rxe3 Rxe3 31. fxe3 Rd8 32. Rf1+ Ke6 33. Rf2
Rd1+ 34. Kh2 Re1 35. Rf8 Ke7 36. Rh8 h5 37. Rh7+ Kf6 38. Rxb7 Rxe3 39. Rb6 1-0

[Event "OLOA 1920 SK König Plauen II - SV Sang"]
[Site "?"]
[Date "2019.11.17"]
[Round "3.8"]
[White "Graf, Lucas"]
[Black "Rudolf, Henning"]
[Result "1-0"]
[WhiteElo "1796"]
[BlackElo "1939"]
[PlyCount "83"]
[EventDate "2019.09.29"]
[EventType "team-tourn"]
[EventCountry "GER"]
[WhiteTeam "Plauen SK Koenig II"]
[BlackTeam "Sangerhausen SV"]
[WhiteTeamCountry "GER"]
[BlackTeamCountry "GER"]

1. e4 e6 2. d3 d5 3. Nd2 Be7 4. Ngf3 c5 5. g3 Nc6 6. Bg2 Nf6 7. O-O Qc7 8. Re1
O-O 9. e5 Nd7 10. Qe2 Nd4 11. Nxd4 cxd4 12. Nf3 Bc5 13. a3 a5 14. h4 b5 15. Bf4
b4 16. Nh2 bxa3 17. bxa3 Be7 18. Ng4 Kh8 19. h5 Ba6 20. Bxd5 exd5 21. e6 Bd6
22. exd7 Bxf4 23. Qe8 Rd8 24. gxf4 Qxd7 25. Qxd7 Rxd7 26. Ne5 Rc7 27. Re2 Rfc8
28. Ra2 Re7 29. Ng6+ fxg6 30. Rxe7 gxh5 31. Re5 Bb7 32. Rb2 Bc6 33. Rxh5 h6 34.
Re5 Rf8 35. f5 Kh7 36. Kg2 Ba4 37. Kg3 Rd8 38. Kf4 Rd7 39. Kf3 Rc7 40. Ke2 Rc5
41. Kd2 Bd7 42. f6 1-0

[Event "OLOA 1920 SV Rochade Magdeburg 96 - FVS"]
[Site "?"]
[Date "2019.11.17"]
[Round "3.1"]
[White "Bures, Jaroslav"]
[Black "Hollan, Martin"]
[Result "0-1"]
[WhiteElo "2385"]
[BlackElo "2373"]
[PlyCount "50"]
[EventDate "2019.09.29"]
[EventType "team-tourn"]
[EventCountry "GER"]
[WhiteTeam "Hoyerswerda FVS ASP"]
[BlackTeam "Magdeburg SV Rochade"]
[WhiteTeamCountry "GER"]
[BlackTeamCountry "GER"]

1. e4 e5 2. Nf3 Nc6 3. Bb5 a6 4. Ba4 g6 5. c4 Bg7 6. O-O Nge7 7. Nc3 O-O 8. d3
h6 9. Nd5 d6 10. h3 f5 11. b4 Nxd5 12. cxd5 Ne7 13. Bb3 g5 14. Bb2 Ng6 15. d4
g4 16. hxg4 fxg4 17. Nh2 Qh4 18. g3 Qh3 19. Rc1 Rf7 20. Rc2 exd4 21. Re1 Ne5
22. Bc4 Nxc4 23. Rxc4 Rxf2 24. Kxf2 Qxh2+ 25. Kf1 Bd7 0-1

[Event "OLOA 1920 SV Rochade Magdeburg 96 - FVS"]
[Site "?"]
[Date "2019.11.17"]
[Round "3.2"]
[White "Hollan, Petr"]
[Black "Orsag, Milan"]
[Result "1/2-1/2"]
[WhiteElo "2286"]
[BlackElo "2312"]
[PlyCount "116"]
[EventDate "2019.09.29"]
[EventType "team-tourn"]
[EventCountry "GER"]
[WhiteTeam "Magdeburg SV Rochade"]
[BlackTeam "Hoyerswerda FVS ASP"]
[WhiteTeamCountry "GER"]
[BlackTeamCountry "GER"]

1. e4 c5 2. Nf3 e6 3. d4 cxd4 4. Nxd4 Nc6 5. Nc3 Qc7 6. Be3 a6 7. Qd2 Nf6 8.
O-O-O Bb4 9. f3 b5 10. g4 O-O 11. g5 Ne8 12. Kb1 Bb7 13. h4 Rc8 14. Nxc6 Bxc6
15. h5 d5 16. exd5 Bxc3 17. Qxc3 Bxd5 18. Qxc7 Rxc7 19. Be2 Rc6 20. h6 g6 21.
Bf4 f6 22. Rhe1 fxg5 23. Bxg5 Kf7 24. a4 Nd6 25. axb5 axb5 26. Rd4 Rfc8 27. Bd3
Nf5 28. Rb4 Bc4 29. Be4 Rc5 30. Bc1 Bd5 31. Bd3 Bc4 32. Be4 Bd5 33. Bd3 Bc4 34.
Bxc4 Rxc4 35. Rxb5 Rxc2 36. Bf4 R2c5 37. Rb7+ Kf6 38. Rxh7 Rd5 39. Rb7 g5 40.
Bc1 Nxh6 41. b3 Rc6 42. Bb2+ e5 43. b4 Nf5 44. Rb8 Nd4 45. Re3 Kf5 46. Rf8+ Rf6
47. Rxf6+ Kxf6 48. Bxd4 Rxd4 49. Rb3 e4 50. fxe4 Rxe4 51. b5 Re7 52. b6 Rb7 53.
Kc2 Ke5 54. Kd3 Kd5 55. Rb5+ Kc6 56. Rxg5 Rxb6 57. Rg6+ Kb7 58. Rxb6+ Kxb6
1/2-1/2

[Event "OLOA 1920 SV Rochade Magdeburg 96 - FVS"]
[Site "?"]
[Date "2019.11.17"]
[Round "3.3"]
[White "Spivak, Ilya"]
[Black "Kuchynka, Lukas"]
[Result "1/2-1/2"]
[WhiteElo "2307"]
[BlackElo "2322"]
[PlyCount "29"]
[EventDate "2019.09.29"]
[EventType "team-tourn"]
[EventCountry "GER"]
[WhiteTeam "Hoyerswerda FVS ASP"]
[BlackTeam "Magdeburg SV Rochade"]
[WhiteTeamCountry "GER"]
[BlackTeamCountry "GER"]

1. e4 c5 2. Nf3 b6 3. g3 Bb7 4. Qe2 d6 5. Bg2 g6 6. O-O Bg7 7. Rd1 Nf6 8. Nh4
Nc6 9. c3 e5 10. Na3 O-O 11. Nc2 Re8 12. d3 h6 13. h3 Kh7 14. Kh2 Rc8 15. Ne3
1/2-1/2

[Event "OLOA 1920 SV Rochade Magdeburg 96 - FVS"]
[Site "?"]
[Date "2019.11.17"]
[Round "3.4"]
[White "Niering, Martin"]
[Black "Jahnel, Guenther"]
[Result "1-0"]
[WhiteElo "2198"]
[BlackElo "2178"]
[PlyCount "69"]
[EventDate "2019.09.29"]
[EventType "team-tourn"]
[EventCountry "GER"]
[WhiteTeam "Magdeburg SV Rochade"]
[BlackTeam "Hoyerswerda FVS ASP"]
[WhiteTeamCountry "GER"]
[BlackTeamCountry "GER"]

1. e4 e5 2. Nf3 d6 3. d4 Nf6 4. Nc3 Nbd7 5. Bc4 Be7 6. h3 O-O 7. O-O c6 8. dxe5
dxe5 9. a4 Qc7 10. Re1 Nc5 11. Nh4 g6 12. Bh6 Rd8 13. Qb1 Be6 14. Bf1 Ne8 15.
Nf3 f6 16. Be3 Bf7 17. b4 Nd7 18. a5 Nd6 19. Nd2 Bf8 20. Na4 b5 21. axb6 axb6
22. Nb2 Rxa1 23. Qxa1 Nb5 24. Nd3 c5 25. bxc5 bxc5 26. Nxe5 fxe5 27. Bxb5 Nb6
28. Nf3 Nc4 29. Bxc4 Bxc4 30. Qxe5 Qa5 31. Qa1 Qb5 32. Rb1 Qc6 33. Qc3 Ba2 34.
Re1 Qxe4 35. Bg5 1-0

[Event "OLOA 1920 SV Rochade Magdeburg 96 - FVS"]
[Site "?"]
[Date "2019.11.17"]
[Round "3.5"]
[White "Kesik, Klaus Dieter"]
[Black "Stolz, Mike"]
[Result "0-1"]
[WhiteElo "2224"]
[BlackElo "2309"]
[PlyCount "86"]
[EventDate "2019.09.29"]
[EventType "team-tourn"]
[EventCountry "GER"]
[WhiteTeam "Hoyerswerda FVS ASP"]
[BlackTeam "Magdeburg SV Rochade"]
[WhiteTeamCountry "GER"]
[BlackTeamCountry "GER"]

1. d4 Nf6 2. Nf3 g6 3. g3 Bg7 4. Bg2 O-O 5. O-O d6 6. c4 Nbd7 7. Nc3 e5 8. e4
exd4 9. Nxd4 Re8 10. h3 c6 11. Be3 Nc5 12. Qc2 Qe7 13. Rfe1 Bd7 14. Nb3 Na6 15.
Rad1 Be6 16. Qe2 Nd7 17. Nd4 Ne5 18. b3 Bc8 19. f4 Nd7 20. Qd2 Ndc5 21. Nde2 f5
22. Qxd6 Qxd6 23. Rxd6 Bf8 24. Rd2 Nxe4 25. Nxe4 fxe4 26. Red1 h5 27. Rd8 Bf5
28. Rxe8 Rxe8 29. Bxa7 Nb4 30. a4 e3 31. Nc1 c5 32. Bb6 Nc2 33. Ne2 Nd4 34.
Nxd4 cxd4 35. Bxd4 Bb4 36. Rc1 Bd2 37. Ra1 Bc2 38. Bxb7 Bxb3 39. Bd5+ Kh7 40.
a5 e2 41. a6 Bd1 42. Bf2 Be3 43. Kg2 Bxf2 0-1

[Event "OLOA 1920 SV Rochade Magdeburg 96 - FVS"]
[Site "?"]
[Date "2019.11.17"]
[Round "3.6"]
[White "Waechter, Nathalie"]
[Black "Boehm, Robert"]
[Result "0-1"]
[WhiteElo "2018"]
[BlackElo "2148"]
[PlyCount "104"]
[EventDate "2019.09.29"]
[EventType "team-tourn"]
[EventCountry "GER"]
[WhiteTeam "Magdeburg SV Rochade"]
[BlackTeam "Hoyerswerda FVS ASP"]
[WhiteTeamCountry "GER"]
[BlackTeamCountry "GER"]

1. d4 d5 2. c4 e6 3. Nc3 Nf6 4. Bg5 c6 5. e3 Nbd7 6. Nf3 Qa5 7. Bxf6 Nxf6 8.
Nd2 Bb4 9. Qb3 O-O 10. a3 Bxc3 11. Qxc3 Qxc3 12. bxc3 b6 13. cxd5 cxd5 14. Bd3
Bb7 15. Ke2 Rfc8 16. Rhc1 Rc7 17. Rc2 Rac8 18. Rac1 Ne4 19. Nb1 Nd6 20. f3 Bc6
21. Ra2 Ba4 22. e4 Nb5 23. Bxb5 Bxb5+ 24. Ke3 Ba4 25. Rf2 f6 26. Re1 Kf7 27. h4
h5 28. Kf4 Bb5 29. Rd2 Rd8 30. e5 Rg8 31. Rh1 g5+ 32. hxg5 fxg5+ 33. Ke3 Kg6
34. g3 Rh8 35. Rg2 Be8 36. f4 g4 37. Ra2 Kg7 38. a4 Bg6 39. Kd2 Rhc8 40. a5 b5
41. Ra3 a6 42. Rb3 Rc4 43. Ra3 Kh6 44. Rc1 b4 45. Rb3 Bxb1 46. Rcxb1 bxc3+ 47.
Kc2 Kg6 48. Rb6 Kf5 49. Rh1 Rxd4 50. Rxh5+ Ke4 51. Rxe6 Rd2+ 52. Kc1 Ra2 0-1

[Event "OLOA 1920 SV Rochade Magdeburg 96 - FVS"]
[Site "?"]
[Date "2019.11.17"]
[Round "3.7"]
[White "Grohmann, Alexander"]
[Black "Kuna, Ralf Michael"]
[Result "0-1"]
[WhiteElo "1984"]
[BlackElo "2109"]
[PlyCount "92"]
[EventDate "2019.09.29"]
[EventType "team-tourn"]
[EventCountry "GER"]
[WhiteTeam "Hoyerswerda FVS ASP"]
[BlackTeam "Magdeburg SV Rochade"]
[WhiteTeamCountry "GER"]
[BlackTeamCountry "GER"]

1. e4 c6 2. d4 d5 3. exd5 cxd5 4. Bd3 Nc6 5. c3 Nf6 6. Bf4 g6 7. Nf3 Bg7 8. O-O
O-O 9. Nbd2 Bg4 10. h3 Bxf3 11. Nxf3 a6 12. Re1 e6 13. Ne5 Rc8 14. Nxc6 Rxc6
15. a4 Ne8 16. a5 Nd6 17. Qb3 Qc8 18. Ra4 Rd8 19. h4 Bf8 20. Bg5 Rd7 21. Re3
Be7 22. Bxe7 Rxe7 23. h5 f5 24. Qd1 Ne8 25. Qe2 Nf6 26. Rg3 Rg7 27. h6 Rd7 28.
Ra1 Kf7 29. Re1 Qc7 30. Re3 Ng4 31. Rh3 Qxa5 32. f3 Nf6 33. g4 Qc7 34. g5 Nh5
35. Rxh5 Qg3+ 36. Kf1 gxh5 37. Bxf5 Re7 38. Bxh7 Qxg5 39. Qg2 Kf6 40. Bd3 Qxh6
41. Qg8 Qg7 42. Qb8 Rec7 43. Qd8+ Kf7 44. Qh4 Rc8 45. Qxh5+ Ke7 46. Qxd5 Rg8
0-1

[Event "OLOA 1920 SV Rochade Magdeburg 96 - FVS"]
[Site "?"]
[Date "2019.11.17"]
[Round "3.8"]
[White "Hoffmann, Uwe"]
[Black "Heyme, Sibylle"]
[Result "1-0"]
[WhiteElo "2127"]
[BlackElo "2046"]
[PlyCount "119"]
[EventDate "2019.09.29"]
[EventType "team-tourn"]
[EventCountry "GER"]
[WhiteTeam "Magdeburg SV Rochade"]
[BlackTeam "Hoyerswerda FVS ASP"]
[WhiteTeamCountry "GER"]
[BlackTeamCountry "GER"]

1. d4 Nf6 2. c4 c5 3. d5 b5 4. cxb5 a6 5. Nc3 d6 6. e4 g6 7. Nf3 Bg7 8. Be2 O-O
9. O-O Nbd7 10. h3 Nb6 11. Bf4 c4 12. bxa6 Bxa6 13. Qd2 Re8 14. Bh6 Bh8 15. Ng5
Qc7 16. Rad1 Reb8 17. f4 Nbd7 18. Kh1 Qb6 19. Rb1 Qc5 20. Bf3 Ra7 21. Rfe1 Ne8
22. e5 dxe5 23. fxe5 Nxe5 24. Qf4 f5 25. Rxe5 Qd6 26. Rxf5 gxf5 27. Qxf5 Nf6
28. Ne6 Rba8 29. Qg5+ Kf7 30. Bh5+ Nxh5 31. Qxh5+ Kg8 32. Rf1 Bf6 33. Qg4+ Kf7
34. Qh5+ Kg8 35. Ne4 Qe5 36. Nxf6+ exf6 37. Qg4+ Kf7 38. Qg7+ Ke8 39. Qg8+ Kd7
40. Qxh7+ Kd6 41. Qc2 Kxd5 42. Rf5 Kxe6 43. Rxe5+ fxe5 44. Qg6+ Kd5 45. Be3 Re7
46. Qf6 Rb7 47. Bd2 Rbb8 48. Bc3 Re8 49. a4 e4 50. Qf5+ Kc6 51. Bd4 Kc7 52.
Qc5+ Kd7 53. Be5 Rg8 54. Qd6+ Ke8 55. Bf6 Kf7 56. Be5 e3 57. Qd7+ Kg6 58. Qe6+
Kg5 59. Qf6+ Kh5 60. g4+ 1-0

[Event "OLOA 1920 SG AE Magdeburg II - SG G-W D"]
[Site "?"]
[Date "2019.11.17"]
[Round "3.1"]
[White "Zwahr, Paul"]
[Black "Schoene, Maria"]
[Result "1/2-1/2"]
[WhiteElo "2270"]
[BlackElo "2140"]
[PlyCount "47"]
[EventDate "2019.09.29"]
[EventType "team-tourn"]
[EventCountry "GER"]
[WhiteTeam "Dresden SG Gruen Weiss"]
[BlackTeam "Magdeburg SG Aufbau Elbe"]
[WhiteTeamCountry "GER"]
[BlackTeamCountry "GER"]

1. e4 d6 2. d4 Nf6 3. Nc3 g6 4. f4 Bg7 5. Nf3 c5 6. Bb5+ Bd7 7. e5 Ng4 8. Bxd7+
Qxd7 9. d5 dxe5 10. h3 e4 11. Nxe4 Nf6 12. Nxf6+ Bxf6 13. O-O O-O 14. c4 b5 15.
Qe2 bxc4 16. Qxc4 Rd8 17. Rd1 Qd6 18. f5 Nd7 19. fxg6 hxg6 20. Bf4 Ne5 21. Nxe5
Bxe5 22. Bxe5 Qxe5 23. Qxc5 Qxb2 24. Qxe7 1/2-1/2